[Event "MAD-ch"]
[Site "Antananarivo"]
[Date "2019.08.16"]
[Round "3"]
[White "Andriamaharo, Nirina"]
[Black "Andriamasoandro, Miora Ismael"]
[Result "0-1"]
[WhiteElo "1800"]
[BlackElo "2091"]
[PlyCount "86"]
[EventDate "2019.08.15"]
[EventType "swiss"]
[EventRounds "9"]
[EventCountry "MAD"]
[SourceTitle "EXT 2020"]
[Source "ChessBase"]
[SourceDate "2019.10.17"]
[SourceVersion "1"]
[SourceVersionDate "2019.10.17"]
[SourceQuality "1"]

1. d4 Nf6 2. c4 g6 3. Nc3 d5 4. cxd5 Nxd5 5. e4 Nxc3 6. bxc3 Bg7 7. Bc4 0-0 8. Ne2 c5 9. 0-0 Nc6 10. Be3 Qc7 11. Qc1 Rd8 12. Rd1 Na5 13. Bd3 c4 14. Bc2 e5 15. d5 b6 16. Qa3 Bf8 17. Qc1 Bg4 18. f3 Bc8 19. Ba4 f6 20. Qd2 Rb8 21. Rab1 Nb7 22. h3 Bc5 23. Kh1 Bxe3 24. Qxe3 Nd6 25. Bc6 f5 26. g4 fxe4 27. fxe4 Qe7 28. Ng1 Qh4 29. Kg2 Kg7 30. Rf1 Bxg4 31. hxg4 Qxg4+ 32. Qg3 Qxg3+ 33. Kxg3 Nxe4+ 34. Kf3 Nd2+ 35. Ke3 Nxb1 36. Rxb1 Rf8 37. Ke4 Rbd8 38. Nf3 Rf4+ 39. Ke3 Kf6 40. Rh1 h5 41. Rg1 Rg4 42. Rxg4 hxg4 43. Nd2 b5 0-1

[Event "Olympiad-43"]
[Site "Batumi"]
[Date "2018.09.28"]
[Round "5.31"]
[White "Mohammad Fahad, Rahman"]
[Black "Andriamasoandro, Miora Ismael"]
[Result "1-0"]
[WhiteElo "2263"]
[BlackElo "2126"]
[PlyCount "99"]
[EventDate "2018.09.24"]
[EventType "team-swiss"]
[EventRounds "11"]
[EventCountry "GEO"]
[SourceTitle "CBM 187"]
[Source "ChessBase"]
[SourceDate "2018.12.11"]
[SourceVersion "1"]
[SourceVersionDate "2018.12.11"]
[SourceQuality "1"]
[WhiteTeam "Bangladesh"]
[BlackTeam "Madagascar"]
[WhiteTeamCountry "BAN"]
[BlackTeamCountry "MAD"]

1. e4 c5 2. Nf3 e6 3. d4 cxd4 4. Nxd4 a6 5. c4 Nf6 6. Nc3 d6 7. Be3 g6 8. Be2 Bg7 9. 0-0 0-0 10. Qd2 Nbd7 11. Rfd1 Qc7 12. Bg5 Re8 13. Nb3 Bf8 14. Qf4 Be7 15. c5 e5 16. cxd6 Qxd6 17. Rxd6 exf4 18. Rd4 Nf8 19. Bc4 b5 20. Nd5 Nxd5 21. Bxd5 Ra7 22. Bxf4 Ne6 23. Bb8 Nxd4 24. Bxa7 Nc2 25. Rd1 Nb4 26. a3 Nxd5 27. exd5 Bd6 28. Bc5 Rd8 29. Kf1 Kf8 30. Ke2 Bf5 31. Bxd6+ Rxd6 32. Nc5 Ke7 33. Ke3 Rb6 34. b4 Kd6 35. Kd4 h5 36. f3 Rb8 37. Rc1 Rb6 38. Re1 Rb8 39. Re3 Bd7 40. Nxa6 Rh8 41. Nc5 Bf5 42. Ne4+ Bxe4 43. fxe4 Rc8 44. e5+ Kd7 45. Rc3 Ra8 46. d6 Kd8 47. Kd5 Rb8 48. Rc7 Ra8 49. Rxf7 Rxa3 50. Rf8+ 1-0

[Event "Antananarivo op"]
[Site "Antananarivo"]
[Date "2015.08.07"]
[Round "4"]
[White "Rabemananjara, Manitra Ignace"]
[Black "Andriamasoandro, Miora Ismael"]
[Result "0-1"]
[WhiteElo "1757"]
[BlackElo "2117"]
[PlyCount "48"]
[EventDate "2015.08.05"]
[EventType "swiss"]
[EventRounds "9"]
[EventCountry "MAD"]
[SourceTitle "EXT 2018"]
[Source "ChessBase"]
[SourceDate "2017.10.13"]
[SourceVersion "1"]
[SourceVersionDate "2017.10.13"]
[SourceQuality "1"]

1. e4 c5 2. Nf3 Nc6 3. d4 cxd4 4. Nxd4 Nf6 5. Nc3 g6 6. Be3 Bg7 7. f3 0-0 8. Qd2 d5 9. Nxc6 bxc6 10. exd5 cxd5 11. Nd1 e5 12. c3 Be6 13. Be2 Qc7 14. 0-0 Rfd8 15. Re1 d4 16. cxd4 exd4 17. Bf4 Qb6 18. Bd3 Nd5 19. Be4 f6 20. Bg3 Rac8 21. a3 Ne7 22. Qb4 Kf7 23. Qxb6 axb6 24. Nf2 f5 0-1

[Event "Antananarivo op"]
[Site "Antananarivo"]
[Date "2015.08.06"]
[Round "3"]
[White "Andriamasoandro, Miora Ismael"]
[Black "Razafimahefa, Hariniaina"]
[Result "1-0"]
[WhiteElo "2117"]
[BlackElo "1460"]
[PlyCount "71"]
[EventDate "2015.08.05"]
[EventType "swiss"]
[EventRounds "9"]
[EventCountry "MAD"]
[SourceTitle "EXT 2016"]
[Source "ChessBase"]
[SourceDate "2015.10.08"]
[SourceVersion "1"]
[SourceVersionDate "2015.10.08"]
[SourceQuality "1"]

1. d4 d5 2. Bf4 Nf6 3. e3 e6 4. Nf3 Bd6 5. Ne5 0-0 6. Nd2 b6 7. Bd3 Bb7 8. 0-0 c5 9. c3 Nc6 10. Qf3 Qc7 11. Qg3 Nh5 12. Qh3 g6 13. Ndf3 f5 14. Nxc6 Nxf4 15. exf4 Bxc6 16. g3 Qg7 17. Rfe1 Rfe8 18. Re2 Re7 19. Rae1 Rae8 20. Re3 c4 21. Bc2 h6 22. Ne5 Bxe5 23. Rxe5 b5 24. R1e3 h5 25. Re1 Kf7 26. Qf1 Qf6 27. Qe2 a5 28. b3 Rb8 29. f3 Bd7 30. g4 Rbe8 31. Kh1 hxg4 32. fxg4 Bc6 33. Rg1 Rg8 34. Rg3 Rh8 35. gxf5 gxf5 36. Bxf5 1-0